Introducción al derecho procesal penal /

Guardado en:
Autor Principal: Binder, Alberto M.
Otros Autores: Maier, Julio B. J., (prol.)
Formato: Libro
Idioma:Spanish
Publicado: Buenos Aires : Ad - Hoc, 2004.
Edición:2a. ed., 3º reimp.
Materias:
Etiquetas: Agregar Etiqueta
Sin Etiquetas, Sea el primero en etiquetar este registro!
LEADER 00555nam a22001695a 4500
001 DER.der015219
008 250617s2004####ag#||||||||||||||#||spa||
005 20250617142619.0
245 1 0 |a Introducción al derecho procesal penal /  |c Alberto M. Binder ; prólogo de Julio B. J. Maier. 
250 |a 2a. ed., 3º reimp. 
260 |a Buenos Aires :  |b Ad - Hoc,  |c 2004. 
300 |a 364 p. 
020 |a 9508941855 
100 1 |a Binder, Alberto M. 
700 1 |a Maier, Julio B. J.,  |e prol. 
650 7 |a DERECHO PROCESAL PENAL 
859 |a DERECHO  |b BIB. DERECHO  |h 345.05  |i BIN  |p 000905